| 000 | 01769nam a2200193Ia 4500 | ||
|---|---|---|---|
| 999 |
_c9706 _d9706 |
||
| 005 | 20231011164725.0 | ||
| 008 | 231011s9999 xx 000 0 und d | ||
| 020 | _a968-856-264-5 | ||
| 040 |
_aUPAN _cBiblioteca San Vicente _eRCAA2 |
||
| 041 | _aspa | ||
| 082 |
_a300.75 _bR628g _c1991 |
||
| 100 |
_aRojas Soriano, Raùl _4aut. |
||
| 245 | 0 |
_aGuia para realizar investigaciones sociales/ _bRaúl Rojas Soriano |
|
| 260 |
_aMéxico: _bPyV, _c1989 |
||
| 300 |
_a286 p.; _c21 cm. |
||
| 505 | _aCapítulo I. Alcances y limitaciones de la investigación social. Capítulo II. El proceso de la investigación científica. Capítulo III. Criterios para seleccionar los temas de investigación . Capítulo IV. Planteamiento del problema. Capítulo V. Estructuración del marco teórico y conceptual de referencia. Capítulo VI. Función de las hipótesis en la teoría y en la investigación social. Capítulo VII. Técnicas e instrumentos para recopilar la información. Capítulo VIII. Diseño de la muestra. Capítulo IX. Estrategia del trabajo decampo. Capítulo X. Procesamiento de la información. Capítulo XI. técnicas estadísticas en la investigación social. Capítulo XII. Análisis e interpretación de los datos. Capítulo XIII. Presentación de los resultados. Capítulo XIV. Elaboración del informe de investigación. Capítulo XV. Algunos errores que pueden cometerse en la investigación. Capítulo XVI. Elementos básicos del método científico. Apéndice I. Cronograma. Apéndice II. Tabla de números aleatorios. Apéndice III. Áreas bajo la curva normal tipificada. Apéndice IV. Distribución Ji cuadrada. Apéndice V. Tabla para determinar el tamaño de la muestra. Bibliografía. | ||
| 650 |
_2LEMB _xInvestigación social _93 |
||
| 942 |
_cBK _2ddc |
||